Um homem parado no inverno (Registo nº 200780)
[ vista simples ]
| 000 -Etiqueta do registo | |
|---|---|
| Valores | 00659nam 22002293 4500 |
| 010 ## - Número ISBN | |
| ISBN | 972-41-2634-X |
| 021 ## - Número do Depósito Legal | |
| Número | 167764/01 |
| Código do país | Portugal |
| 100 ## - Dados gerais de processamento | |
| Dados gerais | 20231003d u||y0pory50 ba |
| 200 ## - Titulo e menção de responsabilidade | |
| Título próprio | Um homem parado no inverno |
| Primeira menção de responsabilidade | Baptista-Bastos |
| 205 ## - Menção da edição | |
| Edição | 5ª |
| 210 ## - Publicação | |
| Local de publicação | Lisboa |
| Nome do editor | ASA |
| Data de publicação | 2001 |
| 215 ## - Descrição física | |
| Paginação / Volumes | 143, [1] p. |
| Outras indicações físicas | Encadernado |
| Dimensões | 21 cm |
| 225 ## - Colecção | |
| Título próprio da colecção | Biblioteca Baptista-Bastos |
| 317 ## - Nota de proveniência | |
| Texto da nota | . -Oferta com dedicatória do escritor ao Prof. Almeida Faria |
| 606 ## - Nome comum usado como assunto | |
| Palavra de ordem | Literatura Portuguesa |
| ID Autoridade | 6 |
| 675 ## - CDU | |
| Notação | 821.134.3-3 |
| Edição | PT |
| Língua | por |
| 700 ## - Autor principal (pessoa individual) | |
| ID Autoridade | 3517 |
| Apelido | Bastos |
| Nome | Baptista |
| 801 ## - Fonte de origem | |
| País | PT |
| Agência | BMMN |
| Regras de catalogação | RPC |
| 830 ## - Notas gerais do catalogador | |
| Criado por | Ana |
| Indexado por | Ana |
| 990 ## - Elementos KOHA | |
| Tipo de documento | Livro |
| Situação do levantamento | Biblioteca de origem | Código de barras | Cota | Permissão de empréstimo | Tipo de documento | Nota relativa ao exemplar | Forma de aquisição |
|---|---|---|---|---|---|---|---|
| Biblioteca Municipal de Montemor-o-Novo | 30016 | 821.134.3-3 BAS|SAF | Livro | Acesso condicionado | Oferta |